why didn't you stop me? - mitski lyrics - Statistics

General Stats
  • This quiz has been taken 422 times
  • The average score is 65 of 71
Answer Stats
Answer % Correct
me?
100%
me
100%
me?
100%
me
100%
why
100%
why
100%
why
100%
you
100%
you
100%
you
100%
you
100%
you
100%
you
100%
didn't
99%
didn't
99%
verse 1 i
99%
i
99%
i
99%
verse 2 i
99%
i
99%
i
99%
i
99%
i
99%
a
98%
know
98%
know
98%
stop
98%
stop
98%
but
97%
but
97%
do
97%
it,
97%
it
97%
it
97%
better
96%
chorus 1 so
96%
than
95%
that
95%
after
94%
chase
93%
ended
92%
won't
90%
over?
88%
over
88%
of
84%
paint
84%
paint
84%
to
84%
to
84%
can't
83%
how
83%
how
83%
how
83%
in
83%
look
83%
look
83%
look
83%
look
83%
my
83%
remember?
83%
remember
83%
remember
83%
for
82%
picture
82%
find
81%
keep
81%
seem
81%
one
80%
pocket
80%
chorus 2 where
80%
and
76%
No matching quizzes found
Score Distribution
Percent of People with Each Score
Percentile by Number Answered
Your Score History
You have not taken this quiz